000 00391nam a22001697a 4500
005 20160616142846.0
008 160616b xxu||||| |||| 00| 0 eng d
020 _a81-203-3001-3
041 _aeng
082 _b8009
100 _aZue kerman, Alan M
_92130
245 _aHealth care stratigic planning
260 _bPHI
_c2006
300 _a177
650 _aManagement
_9241
942 _cBK
999 _c2978
_d2977